| 000 | 00798cab a2200277 4500 | ||
|---|---|---|---|
| 001 | ABS59486 | ||
| 008 | 090401t1998 xxu||||| |||| 00| 0 eng d | ||
| 035 | _a(Sirsi) u89103 | ||
| 041 | _aeng | ||
| 100 | _aMaynard, Jon | ||
| 245 | _aBritish property boundaries | ||
| 260 | _c1998 | ||
| 350 | _a0 | ||
| 490 |
_aProfessional Surveyor _v18(7) October 1998, 14-18(3) |
||
| 520 | _aExamines the historical context of land registration and boundary demarcation to examine why so many disputes occur. | ||
| 650 |
_aBoundary disputes _96221 |
||
| 650 | _aCADASTRE | ||
| 650 | _aCOMPULSORY REGISTRATION | ||
| 650 | _aLAND OWNERSHIP | ||
| 650 | _aLAND REGISTRATION | ||
| 650 | _aLAND SURVEYING | ||
| 650 | _aREGISTRATION OF TITLE | ||
| 690 | _aLAND | ||
| 942 | _n0 | ||
| 948 | _c20/10/1998 | ||
| 999 |
_c56335 _d56335 |
||